000 00594nam a2200193Ia 4500
003 GCL
008 140319s9999 xx 000 0 ara d
040 _aGCL /
_cGCL
082 0 4 _a832
_bب ح
100 1 _aبريشت، بروتولد
245 1 0 _aحياة غاليلية: مسرحية /
_cبريشت، بروتولد
700 1 _aبكر الشرقاوى
300 _a190 ص
490 _aسلسلة المسرح العالمى
_v0
650 0 4 _aالادب
650 0 4 _aالمسرحيات الامريكية
650 0 4 _aالادب الامريكى المترجم
942 _2ddc
_cBK
999 _c40233
_d40233